00329nam a2200121Ia 4500008004100000020001800041041000800059082002700067100001800094245003500112260005100147300000900198230411s9999 xx 000 0 und d a81-239-1518-7 aeng aCH/610.7343/SHU/B05801 aShukla Anurag aPreventive And Social Medicine bCBS Publishers & DistributorsaNew Delhic2007 a524p